La responsabilidad civil en la construcción / José Ignacio Rubio San Román ; prólogo de José Beltrán de Heredia
ISBN:
84-86123-46-1
Descripción Física:
359 p. ; 24 cm
Otros Autores:
Beltrán de Heredia, José
MARC
| LEADER | 00000nam a2200000Ia 4500 | ||
|---|---|---|---|
| 001 | 20515 | ||
| 008 | 160829s1987 xx 000 0 cat d | ||
| 020 | |a 84-86123-46-1 | ||
| 080 | |a C-3-94 | ||
| 100 | |a Rubio San Román, José Ignacio |9 42491 | ||
| 245 | |a La responsabilidad civil en la construcción / José Ignacio Rubio San Román ; prólogo de José Beltrán de Heredia | ||
| 260 | |a Madrid : |b Cólex, |c 1987 | ||
| 300 | |a 359 p. ; |c 24 cm | ||
| 590 | |a Bibliografia | ||
| 650 | |a Construcció |x Accidents |9 42492 | ||
| 650 | |a Construcció |x Pràctica professional |9 42493 | ||
| 650 | |a Responsabilitat civil |x Espanya I |9 42494 | ||
| 650 | |a Construcció |x Dret i legislació |x Espanya |9 42495 | ||
| 700 | 1 | |a Beltrán de Heredia, José |9 42496 | |
| 901 | |a Arxiu | ||
| 942 | |n 1 | ||
| 952 | |0 0 |1 0 |4 0 |6 C394 |7 1 |9 50865 |a Arxiu |b Arxiu |d 2016-12-01 |l 0 |o C-3-94 |p 20515 |r 2016-12-01 00:00:00 |w 2016-12-01 |y ARXIU | ||
| 999 | |c 54707 |d 54707 | ||